LIBRARY & INFORMATION CENTRE, KCAET, TAVANUR

ONLINE PUBLIC ACCESS CATALOGUE (OPAC)

English humourists of the eighteenth century / (Record no. 11679)

MARC details
000 -LEADER
fixed length control field 00453cam a2200169ua 4500
041 ## - LANGUAGE CODE
Language code of text/sound track or separate title eng
082 ## - DEWEY DECIMAL CLASSIFICATION NUMBER
Classification number 828.09
Item number THA/EN
100 ## - MAIN ENTRY--AUTHOR NAME
Personal name Thackeray, William makepeace .
245 ## - TITLE STATEMENT
Title English humourists of the eighteenth century /
260 ## - PUBLICATION, DISTRIBUTION, ETC. (IMPRINT)
Place of publication London :
Name of publisher John Murray ,
Year of publication 1910.
300 ## - PHYSICAL DESCRIPTION
Number of Pages 347 ; .
942 ## - ADDED ENTRY ELEMENTS (KOHA)
Koha item type Books
Holdings
Withdrawn status Lost status Damaged status Home library Current library Date acquired Full call number Accession Number Koha item type
Withdrawn   Damaged KAUAET KAUAET 07/04/2012 828.09 11600 Books
free website counter